00481nam a22001577a 4500022002200000041000800022082001300030100002700043245005300070260004100123300000800164650001700172942000700189952011000196999001700306 a978-81-7261-256-6 aENG a232bOSH aOsho(Bhagwan Rajneesh) aI Say Unto You V1: Talks on the Sayings of Jesus aPunebOsho Media Internationalc1979 a265 aSpirituality cBK 00104070aHMIbHMIcGENd2018-05-07eDirectorg500.00l0o232 OSHp11003658r2026-01-16w2026-01-16yBK c20992d20992